[Event "Olympiad-34"]
[Site "Istanbul"]
[Date "2000.11.06"]
[Round "9.1"]
[White "Ftacnik, Lubomir"]
[Black "Ehlvest, Jaan"]
[Result "1-0"]
[WhiteElo "2608"]
[BlackElo "2627"]
[Annotator "Horn,Peter"]
[PlyCount "63"]
[EventDate "2000.10.28"]
[EventType "team-swiss"]
[EventRounds "14"]
[EventCountry "TUR"]
[SourceTitle "EXT 2001"]
[Source "ChessBase"]
[SourceDate "2000.11.22"]
[SourceVersion "1"]
[SourceVersionDate "2000.11.22"]
[SourceQuality "1"]
[WhiteTeam "Slovakia"]
[BlackTeam "Estonia"]
[WhiteTeamCountry "SVK"]
[BlackTeamCountry "EST"]

1. Nf3 {Ernst,Thomas} d5 2. c4 ({RR} 2. g3 c5 3. Bg2 Nc6 4. O-O e6 5. d3 Nf6 6. Nbd2 Be7 7. e4 O-O 8. Re1 b5 9. e5 Nd7 10. Nf1 a5 11. h4 b4 12. Bf4 Ba6 13. g4 Nd4 14. Nxd4 cxd4 15. g5 a4 16. b3 Qb6) 2... d4 3. e3 ({RR} 3. g3 Nc6 4. Bg2 e5 5. d3 Nf6 6. O-O a5 7. Na3 Bc5 8. Nc2 O-O 9. a3 Re8 10. Bg5 h6 11. Bxf6 Qxf6 12. Nd2 a4) 3... Nc6 4. Nxd4 ({RR} 4. b4 dxe3 5. fxe3 Nxb4 6. d4 e5 7. a3 Nc6 8. d5 e4 9. Nfd2 Ne5 10. Nxe4 Qh4+ 11. Nf2 Nh6) 4... Nxd4 5. exd4 Qxd4 6. d3 e5 7. Nc3 Ne7 8. Be3 ({RR} 8. Qe2 Bd7 9. Be3 Qd6 10. O-O-O O-O-O 11. g3 Nf5 12. Bh3 Nxe3 13. Bxd7+ Rxd7 14. fxe3 Be7) 8... Qd7 ({Der übliche Zug ist} 8... Qd8 {. Die schwarzen Ergebnisse damit sind gar nicht schlecht, so daß es interessant gewesen wäre, zu sehen, was Ftacnik hier beabsichtigt hatte.} 9. d4 (9. Qe2) (9. g4) (9. Be2) ({RR} 9. d4 exd4 ({RR} 9... Nf5 10. dxe5 Nxe3 11. Qxd8+ Kxd8 12. fxe3 c6 13. O-O-O+ Kc7 14. Ne4) 10. Qxd4 Qxd4 11. Bxd4 Nc6 12. Be3 Bb4) ({RR} 9. Qe2 Nc6 10. O-O-O) 9... exd4 10. Qxd4 Qxd4 11. Bxd4 Nc6 (11... Nf5 12. Be5 c6 13. O-O-O f6 14. Bf4 h5 15. Bd3 Kf7 16. Rhe1 Bb4 $14 {Ftacnik,L-Karner,H/Tallinn 1981}) 12. Be3 Bb4 13. Rc1 (13. Bf4 Be6 14. Bxc7 Rc8 15. Bf4 Na5 $15 {Timurova,L-Prudnikova,S/Halle 2000}) 13... Bf5 14. c5 {Osnos} (14. a3 Bd6 $132 {Barle,J-Nikolic,P/Ljubljana 1985}) 14... O-O-O 15. a3 Bxc3+ 16. Rxc3 Ne5 17. Be2 Rhe8 18. O-O Bd3 19. Bxd3 Nxd3 20. b4 $11 {Langeweg-Hort/Amsterdam 1978 (nach Zugumstellung)}) ({RR} 8... Qd8 9. g4 Ng6 10. Bg2 Be7 11. h3 ({RR} 11. Qe2) 11... O-O ({RR} 11... Bg5) 12. Qd2 c6 13. O-O-O Be6 14. Be4 Qd7 15. g5 ({RR} 15. Kb1) 15... Nh4 ({RR} 15... Bxh3 16. Rh2) 16. Rdg1 ({RR} 16. f4) 16... Rad8 17. Qe2 b5 18. Kb1 ({RR} 18. Bxh7+ Kxh7 19. Qh5+ Kg8 20. Qxh4 Qxd3) 18... Nf5 19. Qf3 ({RR} 19. h4) 19... bxc4 20. dxc4 Nd4 21. Bxd4 Qxd4 22. b3 ({RR} 22. Bxh7+ Kxh7 23. Qh5+ Kg8 24. Rg4 Bf5+ ({RR} 24... Bxg4 25. hxg4) 25. Ka1 Bg6) ({RR} 22. Qh5 g6 23. Qh6 Rfe8 24. Rg4 ({RR} 24. h4 Bf8) 24... Bf8) 22... Qd2 23. Rd1 {Stohl,I (2555)-Dautov,R (2595) Brno 1991 CBM 026 [Ernst,Thomas] 0-1 (40)} ({RR} 23. h4 Ba3 24. Nd1 Bxc4 25. bxc4 Rb8+)) ({RR} 8... Qd8 9. d4 exd4 10. Qxd4 Qxd4 11. Bxd4 Nc6 12. Be3 Bb4 13. O-O-O Bxc3 14. bxc3 Be6 15. a3 Rd8 16. Rxd8+ Kxd8 17. Be2 Ke7 18. Rd1 Rd8 19. Rxd8 Kxd8 20. Bf3 Na5 21. Bxa7 b6 22. c5 Nb3+ 23. Kc2 {Poliannikov,D (2227)-Lewtak,D (2404) Chess.com INT 2021 0-1}) ({RR} 8... Qd8 9. d4 exd4 10. Qxd4 Qxd4 11. Bxd4 Nf5 12. Be5 c6 13. O-O-O f6 14. Bf4 h5 15. Bd3 Kf7 16. Rhe1 Bb4 17. a3 Bxc3 18. bxc3 g5 19. Bc7 Be6 20. c5 Rhe8 21. h3 Rac8 22. Bh2 Nh4 23. Be2 {Ftacnik,L (2520)-Karner,H (2415) Tallinn 1981 0-1 (47)}) 9. d4 $146 (9. Be2 Nf5 10. Bg4 Bb4 11. Qb3 Qe7 12. Bxf5 Bxf5 13. O-O-O Bxc3 14. Qxc3 O-O (14... O-O-O $5) 15. d4 exd4 16. Bxd4 c5 $132 {Blatny,P-Hertneck,G/Austria 1999}) ({RR} 9. Be2 Nf5 10. Bg4 Bb4 11. Qb3 Qe7 12. Bxf5 Bxf5 13. O-O-O Bxc3 14. Qxc3 O-O 15. d4 exd4 16. Bxd4 c5 17. Qe3 Qh4 18. Qe5 Qg4 19. Bc3 f6 20. Qxc5 Rac8 21. Qd4 Qxg2 22. Rhg1 Qc6 23. b3 b5 {Blatny,P (2486)-Hertneck,G (2571) Austria 1999 1-0 (59)}) ({RR} 9. Be2 Nf5 10. Bg4 c6 11. O-O Be7 12. Ne4 O-O 13. Bxf5 Qxf5 14. f4 exf4 15. Bxf4 Qg6 16. Kh1 Bf5 17. Qf3 Rad8 18. Rae1 Bb4 19. Rc1 Rfe8 20. a3 Bf8 21. Rce1 Bxe4 22. Rxe4 Rxe4 23. dxe4 Rd4 {Glicenstein,A (2298)-Netzer,J (2223) Clichy 2003 0-1 (31)}) 9... Nf5 ({Mit} 9... exd4 10. Qxd4 Qxd4 (10... Nf5 $5) 11. Bxd4 {könnte immer noch die Hauptfortsetzung entstehen.}) 10. dxe5 Nxe3 (10... Qxd1+ 11. Nxd1 $5 {Osnos}) 11. fxe3 {Hier ist ein Vorzug von 8..d7 gegenüber d8 erkennbar: der Zwischentausch auf d8 entfällt.} Bc5 12. Qd5 (12. Nd5 c6 13. e6 fxe6 14. Nf6+ gxf6 15. Qh5+ Qf7 16. Qxc5 e5 $11) 12... Bxe3 13. Rd1 Bg5 (13... Qe7 {gefällt mir besser:} 14. Qe4 Bb6 15. Nd5 Ba5+ 16. Kf2 Qc5+ $132) 14. Qc5 $1 Qe7 (14... Qc6 15. Qxc6+ bxc6 16. g3 $16 {[%cal Yf1g2]}) (14... Be7 15. Rxd7 Bxc5 16. Rxc7 $16) 15. Qxe7+ Bxe7 16. Be2 O-O 17. O-O (17. Nd5 Bd8 {[%cal Yc7c6] ist ein Schlag ins Wasser.}) 17... c6 18. Ne4 {[%cal Ye4d6]} Be6 19. Nd6 {Mit diesem  braucht Weiß sich wenig Sorgen machen, vom Läuferpaar erdrückt zu werden.} a5 (19... Rad8 $5) 20. Rf4 f6 (20... Rad8) 21. exf6 Rxf6 (21... Bxf6 22. Nxb7 Rfb8 (22... Bxb2 23. Rxf8+ Kxf8 24. Nd8 $16) 23. Bf3 Rxb7 24. Bxc6 Rab8 25. Bxb7 Rxb7 26. b3 $16) 22. Rxf6 gxf6 ({Nach} 22... Bxf6 23. Nxb7 Rb8 (23... Bxb2 24. Nd8 $16) 24. Nxa5 Rxb2 25. Bf1 $16 {bleibt Weiß ein Mehrbauer.}) 23. b3 (23. Nxb7 Rb8 24. Nxa5 Rxb2 25. Nxc6 Bc5+ 26. Kf1 Rxa2 {[%csl Ga2,Gc5] beschert Schwarz mehr Gegenspiel als die oben angegebenen Varianten.}) 23... b6 24. Bf3 Rd8 25. c5 bxc5 (25... Bd5 26. Bxd5+ cxd5 27. Rxd5 $16 Bxd6 28. Rxd6 Rxd6 29. cxd6 Kf7 30. Kf2 Ke6 31. Ke3 Kxd6 32. Kd4) 26. Nb7 Rxd1+ 27. Bxd1 a4 $2 {Beschert dem Weißen einen kräftigen Freibauern.} (27... c4 $142 28. Nxa5 (28. bxc4 Bb4) 28... c3 29. Bc2 Bd5 $14 {und ich sehe keinen weißen Gewinn.}) 28. bxa4 Bxa2 29. a5 Bc4 $2 {Verliert sofort.} (29... Be6 30. a6 (30. Bb3 c4 31. Ba4) 30... Bc8 $16 {[%cal Yc8b7]}) 30. Bb3 $1 $18 Bxb3 31. a6 c4 32. a7 1-0

[Event "Schacknytt GM"]
[Site "Upplands Vasby"]
[Date "2000.12.09"]
[Round "5"]
[White "Rozentalis, Eduardas"]
[Black "Rausis, Igors"]
[Result "1-0"]
[WhiteElo "2570"]
[BlackElo "2551"]
[Annotator "Postny,Evgeny"]
[PlyCount "79"]
[EventDate "2000.12.05"]
[EventType "tourn"]
[EventRounds "7"]
[EventCountry "SWE"]
[EventCategory "11"]
[SourceTitle "CBM 081"]
[Source "ChessBase"]
[SourceDate "2001.03.20"]
[SourceVersion "1"]
[SourceVersionDate "2001.03.20"]
[SourceQuality "1"]

1. e4 e5 2. Nf3 Nc6 3. Nc3 Nf6 4. g3 g6 {Other lines are: 4...Bc5; 4...Bb4.} 5. Bg2 Bg7 6. O-O O-O ({Also possible} 6... d6 7. h3 O-O 8. d3 Nd7 {-typical manoeuvre.} 9. Nh4 Nc5 10. Nd5 Ne6 11. Ne3 $6 Kh8 12. c3 Nf4 13. gxf4 exf4 14. Nef5 gxf5 15. Qh5 Ne5 16. Bxf4 Nxd3 17. Bd2 f4 $17 {0-1 Ahn,M-Mikhalevski,V/Budapest 1996/CBM 56 (28)}) 7. d3 d5 ({RR} 7... h6 8. Be3 d6 9. h3 Kh7 10. d4 exd4 11. Nxd4 Ne5 12. b3 Re8 13. Nde2 Ned7 14. Qd2 Nc5 15. f3 Qe7 16. Rad1 b6 17. Nf4 Bb7 18. Rfe1 Ne6 19. Nfd5 Qd8 20. Bf2 Nd7 21. Ne2 a5 22. c4 {Tillyaev,U (2263)-Kurbanov,A (1998) Tashkent UZB 2024 1-0 (43)}) 8. Bg5 $146 (8. Nd2 dxe4 9. dxe4 Nd4 10. Ne2 Bg4 11. f3 Nxe2+ 12. Qxe2 Be6 $11 {0-1 Panic,D-Schirra,S/Hamburg 1993/TD (47)}) 8... d4 9. Ne2 $146 ({Also possible} 9. Nd5 Qd6 10. Nxf6+ Bxf6 11. Bd2 {but, Rozentalis wants to keep more pieces on the board-closed, complicated positions are to his taste.}) ({RR} 9. Nd5 Qd6 10. Nxf6+ Bxf6 11. Bh6 Re8 12. Qd2 Bg4 13. a3 a5 14. a4 Qd7 15. Bg5 Bh8 16. Qe2 Nb4 17. Rfc1 Ra6 18. Bd2 Rc8 19. Bxb4 axb4 20. b3 Rd8 21. Qe1 c5 22. Qe2 Ra5 23. Qe1 Rda8 {Bangiev,A (1431)-Plenikowski,J (1027) Magdeburg 2019 ½-½ (41)}) 9... h6 10. Bd2 a5 (10... Nh7 11. Ne1 f5 12. f4 $14) ({deserved attention} 10... Nd7 {[%cal Yd7c5]}) 11. h3 Be6 12. Kh2 {vacating g1 square for the knight.} Nd7 13. Nfg1 Kh7 14. f4 exf4 ({Interesting is} 14... f5 {.} {However after} 15. fxe5 {[%cal Ye2f4] White is preferable in all variants:} Ndxe5 (15... Bxe5 16. Nf3 fxe4 17. Nxe5 Rxf1 18. Qxf1 Ndxe5 19. Bxe4 $14) (15... fxe4 16. Nf4 Qe8 17. Bxe4 $14) 16. Nf4 Bd7 17. exf5 Bxf5 18. g4 Bd7 19. Be4 $14) 15. gxf4 {[%csl Re6][%cal Gf4f5]} ({Worse is} 15. Nxf4 {because black get control on important e5 square.}) 15... f5 16. e5 Nb6 $6 {Wrong manoeuvre.Black knight should be placed on e6, that's why 16...Nc5 was clearly better.} 17. Nf3 {[%csl Rd4][%cal Yd1e1,Ye1f2]} ({Dubious is} 17. Bxc6 $6 bxc6 18. a4 {[%csl Ra5]} c5 19. Qe1 Nd5 {and the absense of white-squared bishop is more important, then weak black pawns on the queenside.}) 17... Rf7 {[%csl Yd4][%cal Yf7d7]} 18. Qe1 Rd7 19. Qg3 {Rozentalis step by step concentrating his pieces on the kingside.} Ne7 {[%csl Yg6][%cal Ye7g6]} 20. h4 $1 {This modest pawn will play an important part in white's attack.} c5 21. Rg1 {[%cal Rh4h5]} Qe8 ({Black has to be careful.For example after} 21... c4 $2 22. h5 {black collapsing.} gxh5 23. Nfxd4 Rxd4 (23... h4 24. Qxg7+ $1 Kxg7 25. Nxe6+ $18) 24. Bxb7 Bh8 25. Bxa8 Nxa8 26. Bxa5 $18) 22. Bh3 {[%cal Rh4h5]} ({Here} 22. h5 gxh5 23. Nfxd4 {doesn't work due to strong intermediate move} h4 $1 {.} 24. Qxg7+ Kxg7 25. Nxe6+ Kh7 26. Nxc5 Rc7 $17) 22... Qf7 23. Rg2 {[%cal Ya1g1]} a4 (23... Nbd5 24. Rag1 {continues like in the game.}) 24. a3 Nbd5 25. Rag1 {[%cal Gh4h5]} Rg8 26. Qf2 Rdd8 $6 {Wasting time.} ({Necessary was} 26... Nc7 27. Rg3 Bd5 {[%csl Ye6][%cal Yc7e6] and black has no reason to collapse.}) 27. Rg3 Bh8 $6 ({Again} 27... Nc7 {was better} 28. Ba5 Rd7) 28. Bf1 $1 {[%mdl 2048]} b6 29. Qg2 Nc7 {Now black realized, that knight must stand on e6 to cover g5 square, but it's too late.} 30. Qh3 {[%csl Gh3][%cal Gf3g5]} Rg7 (30... Kg7 {king evacuation doesn't help as well-} 31. h5 Kf8 32. hxg6 $18) 31. h5 $1 {The beginning of devastating attack.} gxh5 {Otherwise white will take on g6 with deadly knightcheck on g5.} 32. Rxg7+ Bxg7 33. Ng3 h4 (33... Rg8 {doesn't save as well;} 34. Nxh5 Bh8 35. Ng5+ Rxg5 (35... hxg5 36. Nf6+ Kg7 37. Rxg5+ Ng6 38. Qh7+ Kf8 39. Qxg8+ Qxg8 40. Nxg8 $18) 36. Rxg5 $1 Bxe5 37. fxe5 hxg5 38. Bxg5 {with winning attack.}) 34. Qxh4 Qe8 35. Qh3 Qc6 36. Nh5 Ne8 $6 ({More stubborn was} 36... Bf8 37. Ng5+ Kh8 38. Bg2 Qb5) 37. Nxg7 Nxg7 38. Ng5+ Kg8 39. Qxh6 Bd5 40. Ne6 {[%csl Gg1][%mdl 32]} 1-0

[Event "Vikings GM 2nd"]
[Site "York"]
[Date "2000.12.15"]
[Round "3"]
[White "Hillarp Persson, Tiger"]
[Black "Hector, Jonny"]
[Result "1-0"]
[WhiteElo "2549"]
[BlackElo "2509"]
[Annotator "Ftacnik,Lubomir"]
[PlyCount "87"]
[EventDate "2000.12.13"]
[EventType "tourn"]
[EventRounds "10"]
[EventCountry "ENG"]
[EventCategory "12"]
[SourceTitle "CBM 081"]
[Source "ChessBase"]
[SourceDate "2001.03.20"]
[SourceVersion "1"]
[SourceVersionDate "2001.03.20"]
[SourceQuality "1"]

1. g3 d5 2. Bg2 c6 3. d3 e5 4. Nf3 Nd7 5. O-O Ngf6 6. c4 dxc4 $146 ({RR} 6... Be7 7. b3 b6 8. Nbd2 Bb7 9. Bb2 d4 10. e4 Ng4 11. Nxd4 Nxf2 12. Rxf2 exd4 13. Qf3 Ne5 14. Qf5 Bf6 15. Bf1 Bc8 16. Qf4 Ng6 17. Qf3 O-O 18. Qg2 Bg5 19. Kh1 Be3 20. Re2 f6 21. Nf3 {Aguirre,A-Dabin,E Balcarce 1961 0-1 (33)}) ({RR} 6... Bd6 7. cxd5 cxd5 8. Nc3 O-O 9. Nh4 d4 10. Nb5 Bc5 11. Bd2 a6 12. Na3 Re8 13. Nc4 a5 14. Rc1 a4 15. b4 axb3 16. Qxb3 Bf8 17. Rc2 Ra6 18. Bb4 Bxb4 19. Qxb4 Nb6 20. Nxb6 Rxb6 21. Qa5 {Ivanisevic,I (2643)-Nisipeanu,L (2652) Calimanesti 2014 ½-½}) ({RR} 6... Bd6 7. cxd5 cxd5 8. Nc3 O-O 9. e4 d4 10. Nb5 Bb8 11. a4 Nc5 12. b4 Na6 13. Rb1 Re8 14. Na3 Bd7 15. Nc4 b5 16. axb5 Bxb5 17. Na3 Qd7 18. Bg5 Bd6 19. Bxf6 gxf6 20. Nxb5 Qxb5 21. Nh4 {Zavala Galindo,A (1870)-Dubois,M (1816) Budapest HUN 2024 1-0 (46)}) ({RR} 6... Bd6 7. a3 O-O 8. b4 Re8 9. Bb2 Nf8 10. Nbd2 Bf5 11. Qb3 Qd7 12. Rfe1 Rad8 13. Rad1 h6 14. e4 dxc4 15. Nxc4 Bg4 16. Nxd6 Qxd6 17. d4 Bxf3 18. Bxf3 exd4 19. Bxd4 Qe6 20. Qc3 a6 21. Bg2 {Smirnov,B (2158)-Garrapa,G (1978) Pardubice 2015 1-0 (37)}) 7. d4 exd4 8. Qxd4 Be7 (8... b5 9. Qe3+ Qe7 10. Nd4 Qxe3 11. Bxe3 Bb7 12. Nxb5 cxb5 13. Bxb7 $14) (8... Nb6 9. Qxd8+ Kxd8 10. Bg5 Be7 11. Nbd2 $13) 9. Qxc4 O-O 10. Qc2 Qa5 (10... Bd6 11. Rd1 Qe7 12. Nc3 Rd8 $11) 11. Nc3 Qh5 12. h3 Nb6 13. g4 Qa5 (13... Bxg4 $2 14. hxg4 Nxg4 15. Bf4 $16) 14. e4 Be6 $6 {Black had no need to give white chances due to the exchange of this centralized piece.} (14... Rd8 15. g5 Ne8 16. Bf4 Be6 $11) 15. Nd4 Rad8 16. Nxe6 fxe6 17. Qb3 Kh8 (17... Kf7 18. f4 Nfd7 19. f5 Nc5 20. Qc2 Kg8 21. Bf4 $14) 18. Qxe6 Bc5 19. Kh1 Bd4 (19... Nfd5 $5 20. exd5 Rde8 21. Qxe8 Rxe8 22. dxc6 bxc6 23. Bxc6 $14) 20. Qb3 Nbd7 21. Qc2 Ne5 22. f4 (22. Ne2 Bb6 23. f4 Nd3 24. e5 Nxc1 25. Qxc1 Nd5 26. Rf3 $14) 22... Nc4 23. Ne2 (23. g5 Nh5 24. Rf3 $14) 23... Ne3 24. Bxe3 Bxe3 25. Rad1 Rxd1 26. Rxd1 Qxa2 27. e5 {[%mdl 16] White his much better with better pieces and agile pawn majority on the kingside.} Nd5 (27... Ne8 28. f5 $16) 28. f5 Bb6 29. Bxd5 cxd5 30. Nf4 d4 (30... Rd8 $2 31. Nxd5 $18) 31. Nd3 (31. Ne6 Re8 32. Qe4 Qb3 33. Rd3 Qxb2 34. Qxb7 Qc1+ 35. Kg2 Qc2+ 36. Kg1 Qc1+ 37. Kh2 Qc2+ $11) 31... Qd5+ 32. Qg2 Qb3 (32... Qxg2+ $2 33. Kxg2 Kg8 34. Kf3 Kf7 35. Ke4 $18) 33. Qf3 Bc7 34. Rf1 a5 35. Kg2 a4 36. g5 {The time has come to take the full benefit of the pawns potential.} a3 (36... b5 37. f6 $16) 37. bxa3 Qxa3 38. h4 b5 39. Rf2 Qe7 (39... b4 40. f6 gxf6 41. exf6 b3 42. Qd5 $16) 40. f6 gxf6 41. gxf6 (41. exf6 Qd6 42. h5 $16) 41... Qe6 42. Qf5 Qc6+ (42... Qxf5 43. Rxf5 Bd8 44. Kf3 $18) 43. Kg1 b4 (43... Rg8+ 44. Kh2 Rf8 45. Nf4 $18) 44. Rg2 1-0

[Event "ROM-chT"]
[Site "Eforie Nord"]
[Date "2000.12.19"]
[Round "2"]
[White "Bologan, Viktor"]
[Black "Van Wely, Loek"]
[Result "1-0"]
[WhiteElo "2641"]
[BlackElo "2643"]
[Annotator "ChessBase II"]
[PlyCount "80"]
[EventDate "2000.12.18"]
[EventType "team"]
[EventRounds "5"]
[EventCountry "ROU"]
[SourceTitle "CBM 081"]
[Source "ChessBase"]
[SourceDate "2001.03.20"]
[SourceVersion "1"]
[SourceVersionDate "2001.03.20"]
[SourceQuality "1"]
[WhiteTeam "Bucharest RGA"]
[BlackTeam "Timisoara AEM"]
[WhiteTeamCountry "ROU"]
[BlackTeamCountry "ROU"]

1. e4 e6 2. d3 c5 3. Nf3 Nc6 4. c3 d5 5. Qe2 Nge7 6. g3 g6 7. Bg2 Bg7 8. O-O b6 9. e5 h6 10. h4 Qc7 11. Re1 Bb7 ({RR} 11... a5 12. a4 Ba6 13. Na3 Rb8 14. Nb5 Bxb5 15. axb5 Na7 16. c4 Nac8 17. Nh2 dxc4 18. dxc4 Nf5 19. h5 Nd4 20. Qe4 Ne7 21. Ng4 gxh5 22. Nf6+ Bxf6 23. exf6 Ng6 24. Be3 Nf5 25. Qxf5 exf5 26. Bf4+ {Zavgorodniy,S (2416)-Bachmann,A (2604) chess.com INT 2023 1-0 (59)}) 12. Na3 a6 13. Nc2 ({RR} 13. Bf4 Nf5 14. Rac1 Qe7 15. d4 cxd4 16. cxd4 O-O 17. Nc2 Rac8 18. Qd2 Kh7 19. Bf1 Rc7 20. Bd3 Rfc8 21. Kg2 Bf8 22. g4 Nxh4+ 23. Nxh4 Qxh4 24. f3 Nb4 25. Nxb4 Rxc1 26. Rxc1 Rxc1 27. Qxc1 Bxb4 {Nijboer,F (2580)-Lautier,J (2645) Breda 1998 ½-½ (37)}) ({RR} 13. d4 c4 14. Nc2 b5 15. b3 O-O-O 16. Ba3 Bf8 17. Bd6 Qd7 18. bxc4 dxc4 19. Ne3 Nf5 20. Bxf8 Rhxf8 21. a4 Nxe3 22. Qxe3 b4 23. Nd2 Na5 24. Bxb7+ Qxb7 25. cxb4 Qxb4 26. Rab1 Qxa4 27. Ra1 Qb5 {Bologan,V (2574)-Xu,Y (2555) Moscow 2019 1-0 (40)}) 13... Rc8 $146 ({RR} 13... Rd8 14. Bf4 d4 15. c4 g5 16. hxg5 Ng6 17. Qd2 hxg5 18. Bxg5 Rb8 19. Bf4 Ncxe5 20. Bxe5 Bxe5 21. Qg5 Bd6 22. b4 Kf8 23. bxc5 bxc5 24. Rab1 Ba8 25. Rxb8+ Qxb8 26. Rxe6 Bxf3 27. Bxf3 Be7 28. Qf5 {Stets,D (2479)-Kersten,U (2312) Schwaebisch Gmuend 2012 1-0 (41)}) ({RR} 13... a5 14. a4 Ba6 15. Na3 Na7 16. c4 Rd8 17. Nb5 Nxb5 18. cxb5 Bb7 19. d4 Nf5 20. b3 Bf8 21. Ba3 Be7 22. Rac1 c4 23. Bb2 Qb8 24. bxc4 dxc4 25. Rxc4 Bd5 26. Rec1 Bxc4 27. Rxc4 Rc8 28. Rc6 {Svetushkin,D (2546)-Pavlov,S (2502) Corund 2017 1-0 (38)}) 14. Bf4 Nf5 15. Rac1 a5 16. d4 O-O 17. Qd2 Qe7 18. Bf1 f6 (18... cxd4 $5 19. cxd4 Nb4 20. a3 Nxc2 21. Rxc2 Rxc2 22. Qxc2 Rc8) 19. Bh3 fxe5 20. Nxe5 Bxe5 21. Bxe5 g5 22. hxg5 Qxg5 23. Bf4 Qg6 24. Qd3 c4 25. Qe2 Rf6 26. Qg4 Rcf8 27. a4 h5 28. Qxg6+ Rxg6 29. Kh2 Nce7 30. Re2 Bc6 31. Ra1 Bd7 32. Bc7 Nc6 33. Rb1 Nh6 34. Bxb6 Ng4+ 35. Kg2 Rb8 36. Bc7 Rb7 37. Bf4 Ne7 38. Ne1 Nf5 39. Nf3 Bxa4 40. Ra1 Bb3 $138 (40... Bb3 41. Bxg4 hxg4 42. Ne5 Rgg7 43. Rxa5 Ra7 44. Rxa7 Rxa7 45. Re1 Ra2 46. Bc1 $18) 1-0

[Event "Hastings 0001 76th"]
[Site "Hastings"]
[Date "2001.01.03"]
[Round "6"]
[White "Sasikiran, Krishnan"]
[Black "Bischoff, Klaus"]
[Result "1-0"]
[WhiteElo "2573"]
[BlackElo "2556"]
[PlyCount "73"]
[EventDate "2000.12.29"]
[EventType "tourn"]
[EventRounds "9"]
[EventCountry "ENG"]
[EventCategory "12"]
[SourceTitle "CBM 081"]
[Source "ChessBase"]
[SourceDate "2001.03.20"]
[SourceVersion "1"]
[SourceVersionDate "2001.03.20"]
[SourceQuality "1"]

1. Nf3 Nf6 2. g3 d5 3. Bg2 e6 4. O-O Be7 5. d3 O-O 6. Nbd2 a5 7. a4 b6 8. b3 Bb7 9. Bb2 Nbd7 10. e3 ({RR} 10. Re1 Qc8 11. e4 dxe4 12. dxe4 Nc5 13. e5 Nd5 14. Qe2 Nb4 15. Nc4 Be4 16. Nd4 Bxg2 17. Kxg2 Rd8 18. Nb5 Qb7+ 19. f3 h5 20. h4 Rd7 21. Rad1 Rad8 22. Bc1 Nd5 23. Bg5 Bxg5 24. hxg5 g6 {Vachier Lagrave,M (2758)-Firouzja,A (2759) chess24.com INT 2021 ½-½ (60)}) 10... Re8 11. Qe2 $146 ({RR} 11. Nd4 e5 12. Nf5 Bf8 13. g4 g6 14. Ng3 h6 15. h3 Bg7 16. Qe2 Nc5 17. Rfd1 Nfd7 18. Nb1 Ne6 19. Qf1 c6 20. Nc3 Qh4 21. Nce2 Rad8 22. Rab1 Ba8 23. Bc3 c5 24. Be1 Qe7 25. Bh1 Bh8 {Maghsoodloo,P (2584)-Bruzon Batista,L (2653) Bandar e Anzali 2017 ½-½}) 11... Bf8 12. e4 dxe4 13. dxe4 Nc5 14. Rad1 Nfd7 15. e5 Qb8 16. Nc4 h6 17. Rd4 Bc6 18. Bc1 Qb7 19. Nh4 Bxg2 20. Nxg2 b5 21. axb5 Qxb5 22. Rg4 f5 23. exf6 Nxf6 24. Rg6 Ncd7 25. Bxh6 Kh7 26. Bf4 Qh5 27. Qxh5+ Nxh5 28. Rg5 Nxf4 29. Nxf4 a4 30. Rh5+ Kg8 31. Ng6 Kf7 32. Nxf8 Rxf8 33. Rd1 Ke7 34. Rg5 Rg8 35. bxa4 Rxa4 36. Ne3 Re4 37. Ng4 1-0